Planètes du Petit Prince - Statistiques

Statistiques générales
  • Ce quiz a été pris 26 fois
  • Le résultat moyen est 7 sur 9
Statistiques - réponses
Par images Réponse % Correct
Planète Terre
95%
Planète du Roi
90%
Planète du Buveur
81%
Astéroïde B612 | Planète du Petit Prince
76%
Planète de l'Allumeur de Réverbère
76%
Planète du Géographe
76%
Planète du Vaniteux
76%
Planète du Businessman
71%
Planète du Paresseux
57%
Aucun quiz correspondant
Distribution des résultats
% des personnes avec chaque résultat
Percentile par nombre de réponses
Votre historique - résultats
Vous n’avez pas pris ce quiz